La «touristification» de lieux ordinaires au travers des fêtes gastronomiques /

Detalles Bibliográficos
Otros Autores: Moriniaux, Vincent
Formato: Artículo
Lenguaje:Franc�s
Materias:
Etiquetas: Agregar Etiqueta
Sin Etiquetas, Sea el primero en etiquetar este registro!

MARC

LEADER 00000nab a22000005a 4500
001 AR-BbUGT10150
003 AR-BbUGT
005 20210518085041.0
007 ta
008 190715s2018 fr |||p |||| 00| 0 fre d
999 |c 15836  |d 15836 
040 |c AR-BbUGT  |e rca  |a AR-BbUGT  |b spa 
041 1 |a fre  |b eng  |h fre 
100 1 |4 Marcilhac, Vincent. 
245 1 4 |a La «touristification» de lieux ordinaires au travers des fêtes gastronomiques /  |c Vincent Marcilhac & Vincent Moriniaux. 
300 |a p. 544-567 
505 2 |a Metodología -- El festival de la trufa: el auge del turismo de eventos en torno a un producto excepcional -- El cerdo: la difusión de un evento turístico en torno a un producto de excepción a veces, a menudo banal  
520 3 |a The current interest for local products has promoted the development of tourism on their production areas. Gastronomy festivals organised to celebrate agricultural and food local products are very important for the tourist development of ordinary places. Festive events around local food products, where locals and tourists can discover a territory through its culture and its gastronomy, can be a vehicle for territorial identity and local development. The examples of pork (in all its forms) and truffle can be analysed to show how food products (ordinary or luxurious), are used to develop tourism in ordinary places. 
520 3 |a L’engouement actuel pour les produits « de terroir » a favorisé la mise en valeur touristique de leurs territoires de production. Les fêtes gastronomiques et « gourmandes » organisées autour de productions agricoles et alimentaires locales jouent un rôle important dans le processus de « touristification » de lieux ordinaires. Les événements festifs autour de produits « de terroir », fréquentés par des habitants et des visiteurs attirés par la découverte culturelle et gourmande d’un territoire, sont à la fois un vecteur d’identité territoriale et un outil de développement local. Les exemples du cochon sous toutes ses formes et de la truffe permettent de réfléchir au rôle du produit, ordinaire ou d’exception, dans la mise en tourisme de lieux ordinaires. 
653 |a Turismo gastronómico 
653 |a Festivales gastronómicos 
653 |a Desarrollo local 
653 |a Turistificación 
653 |a Fiestas populares 
653 |a Acontecimientos programados 
653 |a Espacios ordinarios 
700 1 |a Moriniaux, Vincent. 
773 0 |t Bulletin de l'Association de Géographes Francais  |w AR-BbUGT7067  |d París : L'Association de Géographes Francais, [1924] - .  |x 0004-5322  |g Vol. 95, no. 4 (déc. 2018), p. p. 544-567  |q 95:4:544<567 
942 |c ARTPP  |2 ddc